[Event "WCO 2016"]
[Site "?"]
[Date "2016.09.13"]
[Round "11"]
[Board "11"]
[WhiteID "5202744"]
[White "Secopito Catherine"]
[BlackID "12801496"]
[Black "Zaksaite Salomeja"]
[Result "1-0"]
[BlackElo "2298"]
[WhiteElo "2119"]
[LiveChessVersion "1.4.8"]

1. d4 {[%clk 1:30:49]} Nf6 {[%clk 1:30:52]} 2. c4 {[%clk 1:30:55]} g6
{[%clk 1:30:49]} 3. Nc3 {[%clk 1:31:06]} d5 {[%clk 1:31:15]} 4. cxd5
{[%clk 1:30:29]} Nxd5 {[%clk 1:31:41]} 5. e4 {[%clk 1:30:51]} Nxc3
{[%clk 1:32:07]} 6. bxc3 {[%clk 1:31:13]} Bg7 {[%clk 1:32:27]} 7. Bc4
{[%clk 1:29:43]} c5 {[%clk 1:32:46]} 8. Ne2 {[%clk 1:29:36]} O-O {[%clk 1:31:46]}
9. O-O {[%clk 1:28:19]} Nc6 {[%clk 1:31:30]} 10. Be3 {[%clk 1:27:42]} Bg4
{[%clk 1:31:45]} 11. f3 {[%clk 1:26:55]} Bd7 {[%clk 1:32:07]} 12. Rb1
{[%clk 1:21:38]} Qc7 {[%clk 1:32:13]} 13. Nf4 {[%clk 1:10:23]} e6
{[%clk 1:03:47]} 14. d5 {[%clk 1:01:21]} Na5 {[%clk 1:01:08]} 15. Qd3
{[%clk 0:57:26]} Nxc4 {[%clk 0:36:33]} 16. Qxc4 {[%clk 0:57:49]} Bh6
{[%clk 0:19:08]} 17. g3 {[%clk 0:40:37]} e5 {[%clk 0:18:20]} 18. Ng2
{[%clk 0:40:32]} Bxe3+ {[%clk 0:18:46]} 19. Nxe3 {[%clk 0:40:56]} b5
{[%clk 0:18:25]} 20. Qe2 {[%clk 0:34:42]} c4 {[%clk 0:18:46]} 21. Rfd1
{[%clk 0:33:41]} Qd6 {[%clk 0:17:51]} 22. Rb2 {[%clk 0:29:15]} Rfc8
{[%clk 0:16:56]} 23. Rf1 {[%clk 0:25:28]} Re8 {[%clk 0:15:30]} 24. h4
{[%clk 0:21:42]} f5 {[%clk 0:14:28]} 25. Kh1 {[%clk 0:18:08]} Rf8
{[%clk 0:14:33]} 26. exf5 {[%clk 0:15:38]} gxf5 {[%clk 0:14:34]} 27. f4
{[%clk 0:15:31]} Rae8 {[%clk 0:14:51]} 28. Qd2 {[%clk 0:14:59]} Qc5
{[%clk 0:06:40]} 29. Ng2 {[%clk 0:13:49]} e4 {[%clk 0:06:50]} 30. Ne3
{[%clk 0:12:36]} Rf6 {[%clk 0:06:05]} 31. Rd1 {[%clk 0:11:19]} Rd6
{[%clk 0:06:17]} 32. Qe2 {[%clk 0:09:56]} Rd8 {[%clk 0:04:56]} 33. Re1
{[%clk 0:06:59]} Bc8 {[%clk 0:02:50]} 34. Qh5 {[%clk 0:04:42]} Rf8
{[%clk 0:02:53]} 35. a4 {[%clk 0:02:25]} a6 {[%clk 0:01:50]} 36. axb5
{[%clk 0:02:13]} axb5 {[%clk 0:02:18]} 37. Ra2 {[%clk 0:02:22]} b4
{[%clk 0:01:57]} 38. Ra4 {[%clk 0:01:45]} Rb6 {[%clk 0:00:37]} 39. Kg2
{[%clk 0:01:28]} bxc3 {[%clk 0:00:49]} 40. Rxc4 {[%clk 0:31:21]} Rb2+
{[%clk 0:30:56]} 41. Kh1 {[%clk 0:28:46]} Qa3 {[%clk 0:25:13]} 42. Qg5+
{[%clk 0:27:35]} Kh8 {[%clk 0:22:39]} 43. Rc7 {[%clk 0:27:11]} 1-0

[Event "WCO 2016"]
[Site "?"]
[Date "2016.09.13"]
[Round "11"]
[Board "12"]
[WhiteID "12801860"]
[White "Batyte Daiva"]
[BlackID "5211158"]
[Black "Mendoza Shania Mae"]
[Result "1-0"]
[BlackElo "1965"]
[WhiteElo "2189"]
[LiveChessVersion "1.4.8"]

1. c4 {[%clk 1:30:56]} e5 {[%clk 1:30:32]} 2. Nc3 {[%clk 1:31:14]} Nf6
{[%clk 1:30:05]} 3. g3 {[%clk 1:31:06]} c6 {[%clk 1:29:30]} 4. d4
{[%clk 1:26:48]} exd4 {[%clk 1:25:18]} 5. Qxd4 {[%clk 1:26:22]} d5
{[%clk 1:25:40]} 6. Bg2 {[%clk 1:08:53]} Be6 {[%clk 1:17:02]} 7. cxd5
{[%clk 1:04:50]} cxd5 {[%clk 1:16:57]} 8. Nf3 {[%clk 1:03:50]} Nc6
{[%clk 1:14:23]} 9. Qa4 {[%clk 1:00:11]} Bc5 {[%clk 1:09:31]} 10. O-O
{[%clk 0:57:08]} O-O {[%clk 1:05:18]} 11. Bg5 {[%clk 0:51:06]} h6
{[%clk 0:55:03]} 12. Qb5 {[%clk 0:40:14]} Bb6 {[%clk 0:37:53]} 13. Bxf6
{[%clk 0:38:29]} Qxf6 {[%clk 0:37:31]} 14. Na4 {[%clk 0:32:17]} Nd4
{[%clk 0:31:53]} 15. Nxd4 {[%clk 0:31:47]} Bxd4 {[%clk 0:32:11]} 16. e3
{[%clk 0:31:08]} a6 17. Qb4 {[%clk 0:27:09]} Ba7 {[%clk 0:26:04]} 18. Qxb7
{[%clk 0:19:50]} Rfb8 {[%clk 0:23:43]} 19. Qc7 {[%clk 0:19:20]} Rb4
{[%clk 0:19:54]} 20. b3 {[%clk 0:19:00]} Bb8 {[%clk 0:18:51]} 21. Qc6
{[%clk 0:17:51]} Ra7 {[%clk 0:18:19]} 22. Bxd5 {[%clk 0:16:58]} Be5
{[%clk 0:16:09]} 23. Rad1 {[%clk 0:15:16]} Bh3 {[%clk 0:15:16]} 24. Qxf6
{[%clk 0:14:57]} Bxf6 {[%clk 0:15:42]} 25. Bg2 {[%clk 0:15:08]} Bd7
{[%clk 0:16:06]} 26. Nc5 {[%clk 0:14:41]} Bb5 {[%clk 0:13:54]} 27. Nd3
{[%clk 0:14:17]} a5 {[%clk 0:13:57]} 28. a4 {[%clk 0:12:52]} Bxd3
{[%clk 0:10:26]} 29. Rxd3 {[%clk 0:13:11]} Rc7 {[%clk 0:09:14]} 30. Bd5
{[%clk 0:13:17]} Kh7 {[%clk 0:06:32]} 31. Rfd1 {[%clk 0:13:26]} Kg8
{[%clk 0:05:40]} 32. Kg2 {[%clk 0:13:22]} Kh7 {[%clk 0:05:43]} 33. h4
{[%clk 0:13:29]} h5 {[%clk 0:05:05]} 34. Bc4 {[%clk 0:13:37]} Rbxc4
{[%clk 0:04:46]} 35. bxc4 {[%clk 0:13:58]} Rxc4 {[%clk 0:05:15]} 36. Ra3
{[%clk 0:13:28]} g6 {[%clk 0:05:33]} 37. Ra2 {[%clk 0:13:46]} Rc5
{[%clk 0:04:31]} 38. e4 {[%clk 0:13:59]} Rc4 {[%clk 0:04:33]} 39. Rd5
{[%clk 0:14:10]} Rxe4 {[%clk 0:04:11]} 40. Rxa5 {[%clk 0:44:26]} Kg7
{[%clk 0:32:58]} 41. Rd5 {[%clk 0:42:35]} Re6 {[%clk 0:32:03]} 42. Rc2
{[%clk 0:42:19]} Ra6 {[%clk 0:31:50]} 43. a5 {[%clk 0:42:29]} Be7
{[%clk 0:31:59]} 44. Rb2 {[%clk 0:41:54]} Ra8 {[%clk 0:31:41]} 45. Rb7
{[%clk 0:41:57]} Bd8 {[%clk 0:31:36]} 46. a6 {[%clk 0:42:19]} 1-0

[Event "WCO 2016"]
[Site "?"]
[Date "2016.09.13"]
[Round "11"]
[Board "13"]
[WhiteID "3501418"]
[White "Arribas Robaina Maritza"]
[BlackID "4501993"]
[Black "Golubenko Valentina"]
[Result "1-0"]
[BlackElo "2245"]
[WhiteElo "2315"]
[LiveChessVersion "1.4.8"]

1. d4 {[%clk 1:30:57]} Nf6 {[%clk 1:30:48]} 2. Nf3 {[%clk 1:31:17]} c5
{[%clk 1:29:25]} 3. d5 {[%clk 1:31:36]} g6 {[%clk 1:29:09]} 4. g3
{[%clk 1:29:37]} Bg7 {[%clk 1:28:43]} 5. Bg2 {[%clk 1:30:00]} O-O
{[%clk 1:28:09]} 6. O-O {[%clk 1:29:27]} d6 {[%clk 1:27:31]} 7. c4
{[%clk 1:28:05]} b5 {[%clk 1:26:29]} 8. cxb5 {[%clk 1:27:13]} a6 {[%clk 1:26:43]}
9. bxa6 {[%clk 1:25:38]} Nbd7 {[%clk 1:26:46]} 10. Nc3 {[%clk 1:25:25]} Nb6
{[%clk 1:27:02]} 11. Bg5 {[%clk 1:23:22]} Bxa6 {[%clk 1:19:48]} 12. Re1
{[%clk 1:20:50]} Nc4 {[%clk 1:12:17]} 13. Qc2 {[%clk 1:18:49]} Qa5
{[%clk 1:05:12]} 14. Nd2 {[%clk 1:15:46]} Ne5 {[%clk 0:59:14]} 15. Nde4
{[%clk 1:13:01]} Nxe4 {[%clk 0:57:48]} 16. Nxe4 {[%clk 1:08:19]} Rfb8
{[%clk 0:42:22]} 17. Bd2 {[%clk 1:04:14]} Qb6 {[%clk 0:41:32]} 18. Bc3
{[%clk 1:04:09]} c4 {[%clk 0:38:31]} 19. Rab1 {[%clk 1:01:13]} Bb7
{[%clk 0:29:59]} 20. a4 {[%clk 0:55:40]} Qb3 {[%clk 0:18:55]} 21. Qxb3
{[%clk 0:55:07]} cxb3 {[%clk 0:19:21]} 22. Nd2 {[%clk 0:54:33]} Bc8
{[%clk 0:19:34]} 23. Ra1 {[%clk 0:52:46]} Nd7 {[%clk 0:19:33]} 24. Bxg7
{[%clk 0:50:27]} Kxg7 {[%clk 0:19:59]} 25. a5 {[%clk 0:46:05]} Rb5
{[%clk 0:16:09]} 26. Ra3 {[%clk 0:45:11]} Raxa5 {[%clk 0:11:29]} 27. Rxa5
{[%clk 0:41:09]} Rxa5 {[%clk 0:11:57]} 28. Nxb3 {[%clk 0:41:31]} Rb5
{[%clk 0:12:19]} 29. Rc1 {[%clk 0:39:43]} Rxb3 {[%clk 0:12:43]} 30. Rxc8
{[%clk 0:40:06]} Nc5 {[%clk 0:10:13]} 31. f4 {[%clk 0:37:43]} Rxb2
{[%clk 0:10:13]} 32. Bf3 {[%clk 0:38:07]} h5 {[%clk 0:09:12]} 33. Kf2
{[%clk 0:36:31]} Kf6 {[%clk 0:07:10]} 34. h3 {[%clk 0:33:43]} Rd2
{[%clk 0:03:48]} 35. Rc7 {[%clk 0:28:54]} Rd4 {[%clk 0:01:41]} 36. Ke3
{[%clk 0:27:26]} Rb4 {[%clk 0:01:51]} 37. g4 {[%clk 0:25:06]} hxg4
{[%clk 0:02:16]} 38. hxg4 {[%clk 0:25:28]} Rb3+ {[%clk 0:00:57]} 39. Kf2
{[%clk 0:24:32]} Rc3 {[%clk 0:00:50]} 40. Ra7 {[%clk 0:49:46]} Rb3
{[%clk 0:31:01]} 41. g5+ {[%clk 0:42:16]} Kf5 {[%clk 0:28:23]} 42. e3
{[%clk 0:40:52]} Rb7 {[%clk 0:21:06]} 43. Rxb7 {[%clk 0:32:25]} Nxb7
{[%clk 0:21:34]} 44. Kg3 {[%clk 0:32:47]} Nc5 {[%clk 0:21:52]} 45. Bg2
{[%clk 0:28:44]} f6 {[%clk 0:04:12]} 46. Bh3+ {[%clk 0:22:27]} Ke4
{[%clk 0:04:41]} 47. f5 {[%clk 0:22:51]} Kxd5 {[%clk 0:03:20]} 48. fxg6
{[%clk 0:21:37]} fxg5 {[%clk 0:01:33]} 49. g7 {[%clk 0:19:23]} Ne4+
{[%clk 0:01:57]} 50. Kg4 {[%clk 0:18:33]} Nf6+ {[%clk 0:00:59]} 51. Kf5
{[%clk 0:18:17]} Ng8 {[%clk 0:00:58]} 52. Bg2+ {[%clk 0:18:23]} Kc5
{[%clk 0:01:27]} 53. Kxg5 {[%clk 0:18:25]} d5 {[%clk 0:01:05]} 54. Bh3
{[%clk 0:17:17]} Kd6 {[%clk 0:01:12]} 55. Bf5 {[%clk 0:13:53]} Ke5
{[%clk 0:00:45]} 56. Bb1 {[%clk 0:10:56]} d4 {[%clk 0:00:46]} 57. exd4+
{[%clk 0:10:13]} Kxd4 {[%clk 0:01:14]} 58. Kf5 {[%clk 0:09:23]} Kc5
{[%clk 0:00:39]} 59. Ke6 {[%clk 0:08:33]} Kd4 {[%clk 0:00:45]} 60. Bg6
{[%clk 0:07:42]} Nh6 {[%clk 0:00:52]} 61. Bh7 {[%clk 0:07:27]} Kc5
{[%clk 0:01:05]} 62. Kxe7 {[%clk 0:07:16]} Kd5 {[%clk 0:00:39]} 63. Kf6
{[%clk 0:07:25]} Ng4+ {[%clk 0:00:45]} 64. Kg5 {[%clk 0:07:34]} 1-0

[Event "WCO 2016"]
[Site "?"]
[Date "2016.09.13"]
[Round "11"]
[Board "14"]
[WhiteID "14507943"]
[White "Franciskovic Borka"]
[BlackID "3503950"]
[Black "Marrero Lopez Yaniet"]
[Result "1/2-1/2"]
[BlackElo "2281"]
[WhiteElo "2267"]
[LiveChessVersion "1.4.8"]

1. Nf3 {[%clk 1:30:56]} Nf6 {[%clk 1:30:48]} 2. g3 {[%clk 1:31:10]} b5
{[%clk 1:31:06]} 3. Bg2 {[%clk 1:31:09]} Bb7 {[%clk 1:31:29]} 4. Na3
{[%clk 1:30:24]} a6 {[%clk 1:29:40]} 5. c4 {[%clk 1:29:23]} b4 {[%clk 1:29:29]}
6. Nc2 {[%clk 1:29:11]} e6 {[%clk 1:29:35]} 7. d4 {[%clk 1:26:06]} a5
{[%clk 1:28:10]} 8. O-O {[%clk 1:21:53]} Be7 {[%clk 1:27:51]} 9. b3
{[%clk 1:07:07]} O-O {[%clk 1:27:03]} 10. a3 {[%clk 1:01:17]} Na6
{[%clk 1:17:51]} 11. axb4 {[%clk 0:57:20]} Nxb4 {[%clk 1:15:27]} 12. Nxb4
{[%clk 0:42:31]} axb4 {[%clk 1:15:11]} 13. Bb2 {[%clk 0:41:05]} Rxa1
{[%clk 0:59:40]} 14. Qxa1 {[%clk 0:41:20]} Qa8 {[%clk 0:59:16]} 15. Qxa8
{[%clk 0:26:05]} Rxa8 {[%clk 0:59:35]} 16. Ra1 {[%clk 0:26:28]} Rxa1+
{[%clk 0:59:44]} 17. Bxa1 {[%clk 0:26:56]} Ne4 {[%clk 0:59:57]} 18. Bb2
{[%clk 0:21:33]} f6 {[%clk 0:52:48]} 19. Kf1 {[%clk 0:15:46]} Kf8
{[%clk 0:49:59]} 20. Bc1 {[%clk 0:10:54]} Nc3 {[%clk 0:47:26]} 21. Ne1
{[%clk 0:06:20]} Ba6 {[%clk 0:26:29]} 22. Bf3 {[%clk 0:06:32]} e5
{[%clk 0:19:34]} 23. dxe5 {[%clk 0:06:29]} fxe5 {[%clk 0:20:02]} 24. Nc2
{[%clk 0:06:29]} e4 {[%clk 0:10:52]} 25. Bg4 {[%clk 0:06:54]} Ke8
{[%clk 0:11:01]} 26. h4 {[%clk 0:05:07]} c6 {[%clk 0:10:06]} 27. Ke1
{[%clk 0:04:36]} Bc5 {[%clk 0:08:44]} 28. Be3 {[%clk 0:04:05]} Bxe3
{[%clk 0:08:34]} 29. Nxe3 {[%clk 0:04:11]} c5 {[%clk 0:08:00]} 30. Kd2
{[%clk 0:01:12]} g6 {[%clk 0:06:16]} 31. Nd1 {[%clk 0:00:41]} Nxd1
{[%clk 0:05:13]} 32. Kxd1 {[%clk 0:01:10]} Ke7 {[%clk 0:05:00]} 33. e3
{[%clk 0:00:57]} d6 {[%clk 0:04:09]} 34. Kc2 {[%clk 0:01:06]} Kf6
{[%clk 0:04:18]} 35. Kb2 {[%clk 0:00:41]} Bb7 {[%clk 0:04:15]} 36. Kc2
{[%clk 0:00:48]} Bc6 {[%clk 0:04:38]} 37. Kb2 {[%clk 0:00:50]} d5
{[%clk 0:03:11]} 38. cxd5 {[%clk 0:01:08]} Bxd5 {[%clk 0:03:39]} 39. Be2
{[%clk 0:01:13]} h5 {[%clk 0:03:43]} 40. Kc2 {[%clk 0:30:59]} Ke5
{[%clk 0:33:28]} 41. Kb2 {[%clk 0:26:11]} Kf6 {[%clk 0:24:18]} 42. Kc2
{[%clk 0:24:34]} Ke5 {[%clk 0:16:47]} 43. Kb2 {[%clk 0:24:29]} Kf5
{[%clk 0:10:18]} 44. Kc2 {[%clk 0:23:55]} Ke5 {[%clk 0:09:21]} 1/2-1/2

[Event "WCO 2016"]
[Site "?"]
[Date "2016.09.13"]
[Round "11"]
[Board "15"]
[WhiteID "3504794"]
[White "Linares Napoles Oleiny"]
[BlackID "14507323"]
[Black "Saric Kristina"]
[Result "1/2-1/2"]
[BlackElo "2201"]
[WhiteElo "2276"]
[LiveChessVersion "1.4.8"]

1. Nf3 {[%clk 1:30:55]} d5 {[%clk 1:30:36]} 2. c4 {[%clk 1:31:04]} c6
{[%clk 1:30:17]} 3. e3 {[%clk 1:30:58]} Nf6 {[%clk 1:29:44]} 4. Nc3
{[%clk 1:31:04]} a6 {[%clk 1:24:31]} 5. b3 {[%clk 1:30:07]} Bf5 {[%clk 1:24:07]}
6. Be2 {[%clk 1:26:36]} e6 {[%clk 1:20:04]} 7. Nh4 {[%clk 1:24:03]} Bg6
{[%clk 1:16:25]} 8. Nxg6 {[%clk 1:12:04]} hxg6 {[%clk 1:16:47]} 9. d4
{[%clk 1:10:27]} Bd6 {[%clk 1:15:08]} 10. h3 {[%clk 1:06:40]} b5 {[%clk 1:10:21]}
11. Qc2 {[%clk 1:00:05]} Nbd7 {[%clk 1:03:03]} 12. Bb2 {[%clk 0:57:22]} Rc8
{[%clk 0:46:59]} 13. c5 {[%clk 0:54:44]} Bc7 {[%clk 0:43:01]} 14. O-O-O
{[%clk 0:51:59]} Qe7 {[%clk 0:40:36]} 15. Kb1 {[%clk 0:40:16]} Rb8
{[%clk 0:38:05]} 16. Bd3 {[%clk 0:30:07]} O-O {[%clk 0:34:15]} 17. f4
{[%clk 0:28:02]} Ne8 {[%clk 0:27:32]} 18. h4 {[%clk 0:24:26]} f5 {[%clk 0:21:28]}
19. g4 {[%clk 0:24:01]} Nef6 {[%clk 0:18:56]} 20. g5 {[%clk 0:21:10]} Nh5
{[%clk 0:16:57]} 21. Qf2 {[%clk 0:16:20]} Kf7 {[%clk 0:14:06]} 22. Be2
{[%clk 0:15:48]} b4 {[%clk 0:13:39]} 23. Na4 {[%clk 0:14:46]} a5 {[%clk 0:13:35]}
24. Rhg1 {[%clk 0:14:32]} Ke8 {[%clk 0:12:41]} 25. Bc1 {[%clk 0:14:03]} Rh8
{[%clk 0:12:23]} 26. Bf3 {[%clk 0:13:57]} Ra8 {[%clk 0:12:09]} 27. Bd2
{[%clk 0:12:42]} Kf7 {[%clk 0:11:29]} 28. Qe2 {[%clk 0:12:30]} Qe8
{[%clk 0:10:51]} 29. Qf2 {[%clk 0:10:22]} Qe7 {[%clk 0:10:45]} 30. Rc1
{[%clk 0:10:27]} Qe8 {[%clk 0:10:32]} 31. Rc2 {[%clk 0:10:21]} Qd8
{[%clk 0:09:17]} 32. Be2 {[%clk 0:09:54]} Ra7 {[%clk 0:08:07]} 33. Bd3
{[%clk 0:09:08]} Re8 {[%clk 0:06:24]} 34. Be2 {[%clk 0:08:30]} Rh8
{[%clk 0:06:48]} 35. Rg2 {[%clk 0:08:15]} Qb8 {[%clk 0:06:22]} 36. Rg1
{[%clk 0:08:04]} Qd8 {[%clk 0:06:43]} 37. Rcc1 {[%clk 0:07:29]} Qb8
{[%clk 0:06:26]} 38. Rh1 {[%clk 0:07:22]} Qd8 {[%clk 0:06:36]} 39. Rh3
{[%clk 0:07:26]} Qb8 {[%clk 0:06:28]} 40. Rc2 {[%clk 0:36:48]} Qd8
{[%clk 0:36:41]} 41. Qf3 {[%clk 0:35:50]} Qb8 {[%clk 0:35:38]} 42. Qf1
{[%clk 0:35:56]} Qd8 {[%clk 0:35:47]} 43. Qe1 {[%clk 0:34:41]} Qb8
{[%clk 0:34:45]} 44. Qf1 {[%clk 0:31:32]} Qd8 {[%clk 0:35:00]} 45. Qd1
{[%clk 0:31:05]} Qb8 {[%clk 0:35:00]} 46. Qc1 {[%clk 0:31:21]} Qd8
{[%clk 0:34:53]} 47. Qh1 {[%clk 0:30:51]} Qb8 {[%clk 0:34:29]} 48. Qh2
{[%clk 0:30:20]} Qd8 {[%clk 0:33:18]} 49. Qf2 {[%clk 0:29:21]} Qb8
{[%clk 0:33:14]} 50. Rc1 {[%clk 0:29:07]} Qd8 {[%clk 0:33:16]} 51. Rg1
{[%clk 0:28:44]} Ra8 {[%clk 0:32:32]} 52. Qf1 {[%clk 0:28:25]} Ra7
{[%clk 0:30:49]} 53. Rhh1 {[%clk 0:28:21]} Qb8 {[%clk 0:29:49]} 54. Qf2
{[%clk 0:28:08]} Qd8 {[%clk 0:29:46]} 55. Rg2 {[%clk 0:28:24]} Qb8
{[%clk 0:30:03]} 56. Rhg1 {[%clk 0:28:11]} Qd8 {[%clk 0:28:25]} 57. Re1
{[%clk 0:28:13]} Qb8 {[%clk 0:27:57]} 1/2-1/2

[Event "WCO 2016"]
[Site "?"]
[Date "2016.09.13"]
[Round "11"]
[Board "16"]
[WhiteID "14502313"]
[White "Vujnovic Patricija"]
[BlackID "3506487"]
[Black "Llaudy Pupo Lisandra"]
[Result "0-1"]
[BlackElo "2269"]
[WhiteElo "2137"]
[LiveChessVersion "1.4.8"]

1. d4 {[%clk 1:30:56]} Nf6 {[%clk 1:30:24]} 2. Nf3 {[%clk 1:31:22]} e6
{[%clk 1:30:09]} 3. Bf4 {[%clk 1:31:04]} b6 {[%clk 1:27:54]} 4. e3
{[%clk 1:31:27]} Bb7 {[%clk 1:28:02]} 5. Nbd2 {[%clk 1:31:47]} Be7
{[%clk 1:27:30]} 6. h3 {[%clk 1:31:36]} Bd6 {[%clk 1:25:57]} 7. Ne5
{[%clk 1:24:03]} O-O {[%clk 1:21:23]} 8. Bg5 {[%clk 1:21:48]} Be7
{[%clk 1:19:16]} 9. Bd3 {[%clk 1:19:01]} d6 {[%clk 1:17:23]} 10. Ng4
{[%clk 1:08:39]} Nbd7 {[%clk 1:16:06]} 11. Nxf6+ {[%clk 1:06:58]} Nxf6
{[%clk 1:12:38]} 12. O-O {[%clk 1:05:32]} c5 {[%clk 1:11:57]} 13. c3
{[%clk 1:04:05]} Nd5 {[%clk 1:08:01]} 14. Bxe7 {[%clk 1:03:44]} Qxe7
{[%clk 1:07:55]} 15. c4 {[%clk 1:01:09]} Nb4 {[%clk 1:06:27]} 16. Bb1
{[%clk 0:58:52]} cxd4 {[%clk 0:57:10]} 17. exd4 {[%clk 0:58:46]} Qh4
{[%clk 0:56:28]} 18. Qg4 {[%clk 0:56:53]} Qxg4 {[%clk 0:33:49]} 19. hxg4
{[%clk 0:57:22]} Rac8 {[%clk 0:33:53]} 20. Rc1 {[%clk 0:50:04]} d5
{[%clk 0:28:49]} 21. a3 {[%clk 0:46:52]} Na6 {[%clk 0:28:22]} 22. Ba2
{[%clk 0:46:14]} dxc4 {[%clk 0:28:15]} 23. Rxc4 {[%clk 0:39:25]} Rxc4
{[%clk 0:27:58]} 24. Nxc4 {[%clk 0:39:48]} Rd8 {[%clk 0:28:03]} 25. Rd1
{[%clk 0:38:32]} Bd5 {[%clk 0:24:01]} 26. b3 {[%clk 0:38:55]} Nc7
{[%clk 0:24:13]} 27. Ne3 {[%clk 0:32:23]} Nb5 {[%clk 0:23:03]} 28. Nxd5
{[%clk 0:30:38]} Rxd5 {[%clk 0:23:10]} 29. b4 {[%clk 0:29:05]} Rxd4
{[%clk 0:22:58]} 30. Rxd4 {[%clk 0:29:24]} Nxd4 {[%clk 0:23:21]} 31. Bb1 h6
{[%clk 0:22:04]} 32. f3 {[%clk 0:30:03]} Kf8 {[%clk 0:21:23]} 33. Kf2
{[%clk 0:30:25]} Ke7 {[%clk 0:21:19]} 34. Bd3 {[%clk 0:29:41]} Kd6
{[%clk 0:21:07]} 35. Ke3 {[%clk 0:29:52]} Nc6 {[%clk 0:21:09]} 36. Ba6
{[%clk 0:29:29]} Ne7 {[%clk 0:20:23]} 37. g3 {[%clk 0:28:24]} Nd5+
{[%clk 0:19:28]} 38. Kd3 {[%clk 0:28:25]} g5 {[%clk 0:16:49]} 39. Kd4
{[%clk 0:27:39]} f5 {[%clk 0:15:46]} 40. gxf5 {[%clk 0:57:10]} exf5
{[%clk 0:46:04]} 41. Bd3 {[%clk 0:54:18]} Ne7 {[%clk 0:44:51]} 42. Kc4
{[%clk 0:50:45]} h5 {[%clk 0:41:15]} 43. Kb5 {[%clk 0:50:54]} h4 {[%clk 0:29:57]}
44. gxh4 {[%clk 0:51:18]} gxh4 {[%clk 0:30:22]} 45. Ka6 {[%clk 0:51:13]} h3
{[%clk 0:30:07]} 46. Bf1 {[%clk 0:51:21]} h2 {[%clk 0:30:28]} 47. Bg2
{[%clk 0:51:50]} f4 {[%clk 0:29:49]} 48. Kxa7 {[%clk 0:51:24]} Kc6
{[%clk 0:27:18]} 49. a4 {[%clk 0:51:33]} Nd5 {[%clk 0:26:16]} 50. a5
{[%clk 0:51:37]} b5 {[%clk 0:26:15]} 0-1

[Event "WCO 2016"]
[Site "?"]
[Date "2016.09.13"]
[Round "11"]
[Board "13"]
[WhiteID "13505211"]
[White "Ziaziulkina Nastassia"]
[BlackID "13703544"]
[Black "Abdumalik Zhansaya"]
[Result "1/2-1/2"]
[BlackElo "2389"]
[WhiteElo "2382"]
[LiveChessVersion "1.4.8"]

1. e4 {[%clk 1:30:57]} e5 {[%clk 1:30:29]} 2. Nf3 {[%clk 1:31:22]} Nc6
{[%clk 1:30:33]} 3. Bb5 {[%clk 1:31:46]} Nf6 {[%clk 1:29:54]} 4. O-O
{[%clk 1:31:49]} Nxe4 {[%clk 1:29:31]} 5. d4 {[%clk 1:32:10]} Nd6
{[%clk 1:28:32]} 6. Bxc6 {[%clk 1:32:26]} dxc6 {[%clk 1:28:28]} 7. dxe5
{[%clk 1:32:41]} Nf5 {[%clk 1:28:51]} 8. Qxd8+ {[%clk 1:33:05]} Kxd8
{[%clk 1:29:20]} 9. Rd1+ {[%clk 1:33:23]} Ke8 {[%clk 1:29:44]} 10. Nc3
{[%clk 1:33:48]} h5 {[%clk 1:27:14]} 11. Bg5 {[%clk 1:30:43]} Be7
{[%clk 1:22:47]} 12. Ne2 {[%clk 1:30:45]} a5 {[%clk 1:20:09]} 13. Rd2
{[%clk 1:02:00]} a4 {[%clk 1:06:41]} 14. Rad1 {[%clk 0:47:56]} Be6
{[%clk 1:03:59]} 15. a3 {[%clk 0:43:54]} Bd5 {[%clk 0:56:25]} 16. Bxe7
{[%clk 0:42:46]} Nxe7 {[%clk 0:56:34]} 17. Nfd4 {[%clk 0:38:43]} Rh6
{[%clk 0:48:32]} 18. f4 {[%clk 0:30:08]} Rg6 {[%clk 0:44:09]} 19. Nc3
{[%clk 0:26:59]} Rg4 {[%clk 0:35:39]} 20. g3 {[%clk 0:24:42]} h4 {[%clk 0:31:45]}
21. Kf2 {[%clk 0:24:52]} Rg6 {[%clk 0:31:35]} 22. f5 {[%clk 0:19:08]} hxg3+
{[%clk 0:29:32]} 23. hxg3 {[%clk 0:19:35]} Rg5 {[%clk 0:26:35]} 24. f6
{[%clk 0:17:52]} gxf6 {[%clk 0:22:48]} 25. exf6 {[%clk 0:16:07]} Ng8
{[%clk 0:22:36]} 26. Ndb5 {[%clk 0:14:39]} Rc8 {[%clk 0:19:35]} 27. Nxd5
{[%clk 0:11:14]} cxd5 {[%clk 0:19:36]} 28. Rxd5 {[%clk 0:11:31]} Rxd5
{[%clk 0:19:57]} 29. Rxd5 {[%clk 0:11:58]} Nxf6 {[%clk 0:19:47]} 30. Rd4
{[%clk 0:12:18]} Ke7 {[%clk 0:18:58]} 31. Rxa4 {[%clk 0:11:55]} c6
{[%clk 0:14:21]} 32. Nc3 {[%clk 0:08:33]} b5 {[%clk 0:14:18]} 33. Ra7+
{[%clk 0:08:25]} Ke6 {[%clk 0:13:28]} 34. Ne2 {[%clk 0:08:09]} Ng4+
{[%clk 0:13:10]} 35. Kf3 {[%clk 0:07:41]} Ne5+ {[%clk 0:13:19]} 36. Ke4
{[%clk 0:07:27]} f5+ {[%clk 0:10:03]} 37. Kf4 {[%clk 0:04:05]} Rg8
{[%clk 0:08:01]} 38. b3 {[%clk 0:02:29]} Rg4+ {[%clk 0:06:47]} 39. Ke3
{[%clk 0:02:56]} Re4+ {[%clk 0:07:12]} 40. Kd2 {[%clk 0:33:15]} Nf3+
{[%clk 0:35:34]} 41. Kd1 {[%clk 0:32:57]} Nd4 {[%clk 0:31:01]} 42. Nxd4+
{[%clk 0:25:07]} Rxd4+ {[%clk 0:31:22]} 43. Ke2 {[%clk 0:25:33]} Re4+
{[%clk 0:25:37]} 44. Kf3 {[%clk 0:25:47]} Re5 {[%clk 0:24:39]} 45. Rh7
{[%clk 0:20:50]} Rc5 {[%clk 0:22:16]} 46. Rh2 {[%clk 0:21:11]} Ke5
{[%clk 0:18:02]} 47. Re2+ {[%clk 0:20:46]} Kf6 {[%clk 0:17:07]} 48. Kf4
{[%clk 0:20:01]} Rc3 {[%clk 0:16:58]} 49. g4 {[%clk 0:14:44]} fxg4
{[%clk 0:17:09]} 50. Kxg4 {[%clk 0:15:10]} c5 {[%clk 0:16:16]} 51. Kf4
{[%clk 0:15:36]} c4 {[%clk 0:13:24]} 52. bxc4 {[%clk 0:14:57]} Rxc4+
{[%clk 0:12:52]} 53. Ke3 {[%clk 0:14:33]} Ra4 {[%clk 0:11:00]} 54. Kd3
{[%clk 0:13:38]} Rxa3+ {[%clk 0:10:54]} 55. Kd4 {[%clk 0:13:50]} Ra2
{[%clk 0:09:54]} 56. Kc3 {[%clk 0:13:39]} Ra4 {[%clk 0:09:18]} 57. Kb3
{[%clk 0:12:27]} Rc4 {[%clk 0:08:48]} 58. Re3 {[%clk 0:11:23]} Rc5
{[%clk 0:08:08]} 59. c3 {[%clk 0:11:09]} Rc4 {[%clk 0:07:22]} 60. Re8
{[%clk 0:10:45]} Rc5 {[%clk 0:07:10]} 61. Re4 {[%clk 0:10:56]} Kf5
{[%clk 0:06:35]} 62. Re3 {[%clk 0:10:07]} Rc4 {[%clk 0:05:46]} 63. Rh3
{[%clk 0:08:21]} Ke6 {[%clk 0:05:30]} 64. Rh5 {[%clk 0:08:45]} Kd6
{[%clk 0:05:55]} 65. Rxb5 {[%clk 0:09:06]} Rh4 {[%clk 0:06:20]} 66. Rg5
{[%clk 0:09:16]} Kc6 {[%clk 0:06:25]} 67. Rg6+ {[%clk 0:07:28]} Kc5
{[%clk 0:06:48]} 68. Rf6 {[%clk 0:07:51]} Kb5 {[%clk 0:06:29]} 69. Rf8
{[%clk 0:07:59]} Kc5 {[%clk 0:05:26]} 70. Rc8+ {[%clk 0:08:22]} Kb5
{[%clk 0:05:52]} 71. c4+ {[%clk 0:08:42]} Kb6 {[%clk 0:06:19]} 72. Kb4
{[%clk 0:08:52]} Kb7 {[%clk 0:06:11]} 73. Rg8 {[%clk 0:09:01]} Rh5
{[%clk 0:05:42]} 74. Rg6 {[%clk 0:09:11]} Kc7 {[%clk 0:05:52]} 75. Re6
{[%clk 0:09:13]} Kb7 {[%clk 0:05:48]} 76. c5 {[%clk 0:08:45]} Rh1
{[%clk 0:05:48]} 77. Kb5 {[%clk 0:08:42]} 1/2-1/2